Przyłącz stolicę do losowego państwa Afryki - Statystyki

Ogólne statystyki
  • Ten quiz został rozwiązany 2 690 razy
  • Średni wynik to 6 z 10
Statystyki odpowiedzi
Państwa Stolice % Poprawnych
Egipt Kair
96%
Maroko Rabat
95%
Tunezja Tunis
95%
Algieria Algier
92%
Republika Południowej Afryki Pretoria | Kapsztad | Bloemfontein
88%
Senegal Dakar
83%
Kenia Nairobi
82%
Dżibuti Dżibuti
81%
Etiopia Addis Abeba
80%
Madagaskar Antananarywa
79%
Libia Trypolis
79%
Sudan Chartum
75%
Demokratyczna Republika Konga Kinszasa
75%
Nigeria Abudża
70%
Gwinea Bissau Bissau
69%
Somalia Mogadiszu
69%
Ghana Akra
68%
Angola Luanda
67%
Zimbabwe Harare
62%
Tanzania Dodoma
61%
Niger Niamey
60%
Wyspa Świętego Tomasza i Książęca São Tomé
60%
Kongo Brazzaville
59%
Rwanda Kigali
59%
Sudan Południowy Dżuba
58%
Uganda Kampala
58%
Czad Ndżamena
58%
Sierra Leone Freetown
57%
Seszele Victoria
57%
Namibia Windhuk
56%
Mauretania Nawakszut
54%
Mali Bamako
53%
Malawi Lilongwe
53%
Zambia Lusaka
53%
Mozambik Maputo
53%
Erytrea Asmara
52%
Botswana Gaborone
52%
Togo Lomé
52%
Gabon Libreville
51%
Republika Zielonego Przylądka Praia
51%
Liberia Monrovia
50%
Burkina Faso Wagadugu
50%
Kamerun Jaunde
48%
Gwinea Konakry
47%
Lesotho Maseru
47%
Burundi Gitega
46%
Eswatini Mbabane
46%
Mauritius Port Louis
46%
Gambia Bandżul
45%
Wybrzeże Kości Słoniowej Jamusukro
45%
Republika Środkowoafrykańska Bangi
44%
Benin Porto-Novo | Kotonu
44%
Gwinea Równikowa Ciudad de La Paz
41%
Komory Moroni
38%
Nie znaleziono quizów pasujących do podanych kryteriów
Rozkład punktacji
Procent ludzi z każdym wynikiem
Percentyl według liczby udzielonych odpowiedzi
Twoja historia wyników
Nie rozwiązałeś tego quizu